Mi hermano / (Record no. 17313)

MARC details
000 -LEADER
fixed length control field 02187cam a2200517Ii 4500
001 - CONTROL NUMBER
control field sjds884673
003 - CONTROL NUMBER IDENTIFIER
control field sjds
005 - DATE AND TIME OF LATEST TRANSACTION
control field 20170520110618.0
008 - FIXED-LENGTH DATA ELEMENTS--GENERAL INFORMATION
fixed length control field 080415s2007 mx a b 000 1 spa d
020 ## - INTERNATIONAL STANDARD BOOK NUMBER
International Standard Book Number 9789681684792 (hardcover)
020 ## - INTERNATIONAL STANDARD BOOK NUMBER
International Standard Book Number 9681684796 (hardcover)
020 ## - INTERNATIONAL STANDARD BOOK NUMBER
International Standard Book Number 9681684796 ;
Terms of availability 14.99
020 ## - INTERNATIONAL STANDARD BOOK NUMBER
International Standard Book Number 9789681684792
035 ## - SYSTEM CONTROL NUMBER
System control number 723051
035 ## - SYSTEM CONTROL NUMBER
System control number (OCoLC)213853689
035 ## - SYSTEM CONTROL NUMBER
System control number (OCoLC)ocn213853689
035 ## - SYSTEM CONTROL NUMBER
System control number 718015
035 ## - SYSTEM CONTROL NUMBER
System control number 723051
035 ## - SYSTEM CONTROL NUMBER
System control number 723051
040 ## - CATALOGING SOURCE
Original cataloging agency BTCTA
Language of cataloging eng
Description conventions rda
Transcribing agency BTCTA
Modifying agency BAKER
-- SAP
-- OCLCG
-- LNQ
-- OCLCQ
-- BDX
-- OCLCF
-- OCLCO
-- OCLCQ
-- IFA
041 1# - LANGUAGE CODE
Language code of text/sound track or separate title spa
Language code of original eng
049 ## - LOCAL HOLDINGS (OCLC)
Holding library IFAA
099 ## - LOCAL FREE-TEXT CALL NUMBER (OCLC)
Filing suffix 2007
999 ## - SYSTEM CONTROL NUMBERS (KOHA)
Koha Dewey Subclass [OBSOLETE] ESPANOL PICTURE BOOKS BROWN 2007
100 1# - MAIN ENTRY--PERSONAL NAME
Personal name Browne, Anthony,
Dates associated with a name 1946-
Relator term author.
240 10 - UNIFORM TITLE
Uniform title <a href="My brother.">My brother.</a>
Language of a work Spanish
245 10 - TITLE STATEMENT
Title Mi hermano /
Statement of responsibility, etc. Anthony Browne ; traducción de Laura Emilia Pacheco.
246 14 - VARYING FORM OF TITLE
Title proper/short title Mi hermano es genial (a veces)
250 ## - EDITION STATEMENT
Edition statement 1. ed. en español.
260 ## - PUBLICATION, DISTRIBUTION, ETC. (IMPRINT)
Place of publication, distribution, etc. México, D.F. :
Name of publisher, distributor, etc. Fondo de Cultura Económica,
Date of publication, distribution, etc. 2007.
264 #1 - PRODUCTION, PUBLICATION, DISTRIBUTION, MANUFACTURE, AND COPYRIGHT NOTICE
Place of production, publication, distribution, manufacture México, D.F. :
Name of producer, publisher, distributor, manufacturer Fondo de Cultura Económica,
Date of production, publication, distribution, manufacture, or copyright notice 2007.
300 ## - PHYSICAL DESCRIPTION
Extent 1 volume (unpaged) :
Other physical details color illustrations ;
Dimensions 28 cm.
336 ## - CONTENT TYPE
Content type term text
Content type code txt
Source rdacontent
337 ## - MEDIA TYPE
Media type term unmediated
Media type code n
Source rdamedia
338 ## - CARRIER TYPE
Carrier type term volume
Carrier type code nc
Source rdacarrier
490 1# - SERIES STATEMENT
Series statement Los especiales de A la orilla del viento
500 ## - GENERAL NOTE
General note Illustrated end papers.
520 ## - SUMMARY, ETC.
Summary, etc. Después de Mi papá y Mi mamá, Anthony Browne dedica un álbum a su hermano, quien... además de ser un artista con la patineta y un futbolista privilegiado, puede escribir historias fantásticas y cantar y bailar como el más alocado de los roqueros. Fuerte, valiente, ingenioso y con un refinado gusto para la moda, éste es el hermano perfecto, pues gracias a todas sus cualidades es el mejor amigo del mundo.
520 ## - SUMMARY, ETC.
Summary, etc. A child describes the many wonderful things about "my brother," who can fly, write amazing stories, and stand up to bullies.
526 0# - STUDY PROGRAM INFORMATION NOTE
Program name Accelerated Reader AR
Interest level LG
Reading level 3.8
Title point value 0.5
Public note 115784.
650 #0 - SUBJECT ADDED ENTRY--TOPICAL TERM
Topical term or geographic name as entry element Brothers
Form subdivision Juvenile fiction.
650 #7 - SUBJECT ADDED ENTRY--TOPICAL TERM
Topical term or geographic name as entry element Hermanos
Form subdivision Novela juvenil.
Source of heading or term bidex
700 1# - ADDED ENTRY--PERSONAL NAME
Personal name Pacheco, Laura Emilia.
830 ## - SERIES ADDED ENTRY--UNIFORM TITLE
Uniform title My brother.
942 ## - ADDED ENTRY ELEMENTS (KOHA)
Koha item type Libro/Book
Holdings
Withdrawn status Lost status Damaged status Not for loan Home library Current library Shelving location Date acquired Total Checkouts Full call number Barcode Checked out Date last seen Date checked out Price effective from Koha item type
        San Juan Del Sur -- Biblioteca San Juan Del Sur -- Biblioteca Children's Area 20/05/2017 10 CAJA ESPANOL 30024365 23/03/2026 16/02/2026 16/02/2026 20/05/2017 Libro/Book

Powered by Koha